शूर गांडूळ आणि इतर कथा -वॅट्यूट झिलिन्स्केट यांच्या रशियन बालकथांचे स्वैर रुपांतर. (Record no. 1337608)

MARC details
000 -LEADER
fixed length control field 01165nam a2200181Ia 4500
008 - FIXED-LENGTH DATA ELEMENTS--GENERAL INFORMATION
fixed length control field 151202s9999||||xx |||||||||||||| ||und||
082 ## - DEWEY DECIMAL CLASSIFICATION NUMBER
Item number PNVM-71103
100 ## - MAIN ENTRY--PERSONAL NAME
Personal name पंडित श्रीनिवास.
245 ## - TITLE STATEMENT
Title शूर गांडूळ आणि इतर कथा -वॅट्यूट झिलिन्स्केट यांच्या रशियन बालकथांचे स्वैर रुपांतर.
260 ## - PUBLICATION, DISTRIBUTION, ETC. (IMPRINT)
Name of publisher, distributor, etc "ऊर्जा प्रकाशन,पुणे."
260 ## - PUBLICATION, DISTRIBUTION, ETC. (IMPRINT)
Date of publication, distribution, etc 71103
300 ## - PHYSICAL DESCRIPTION
Extent 48
600 ## - SUBJECT ADDED ENTRY--PERSONAL NAME
Personal name पंडित श्रीनिवास.
630 ## - SUBJECT ADDED ENTRY--UNIFORM TITLE
Uniform title शूर गांडूळ आणि इतर कथा -वॅट्यूट झिलिन्स्केट यांच्या रशियन बालकथांचे स्वैर रुपांतर.
700 ## - ADDED ENTRY--PERSONAL NAME
Personal name पंडित श्रीनिवास.
730 ## - ADDED ENTRY--UNIFORM TITLE
Uniform title शूर गांडूळ आणि इतर कथा -वॅट्यूट झिलिन्स्केट यांच्या रशियन बालकथांचे स्वैर रुपांतर.
942 ## - ADDED ENTRY ELEMENTS (KOHA)
Koha item type Book
Holdings
Withdrawn status Lost status Damaged status Not for loan Home library Current library Date acquired Cost, normal purchase price Total Checkouts Full call number Barcode Date last seen Cost, replacement price Price effective from Koha item type
        Pune Nagar Vachan Mandir, Pune Pune Nagar Vachan Mandir, Pune 06/21/2015 0.00   PNVM-71103 PNVM-71103 12/02/2015 0.00 12/02/2015 Book